000 00541nam a22001817a 4500
005 20151016115147.0
010 _aENG-113855
020 _a9788123727516
_c95.00
035 _aEN-97387
037 _bDBAD/PUB
082 _a920
100 _aWodeyar, Sadashiva
245 _aRani Chennamma /
_cby Sadashiva Wodeyar
260 _aNew Delhi
_bNational Book Trust
_c2015(repr.)
270 _aNehru Bhawan, 5 Institutional Area, Phase -II,
_bNew Delhi
_e110070
300 _aix,132p.
_c22cm(pbk)
942 _2ddc
_cEN
_mCHE
_h920
999 _c63603
_d63603